[Event "29th World Junior Girls"]
[Site "Chennai IND"]
[Date "2011.08.07"]
[Round "6"]
[White "Semenova,E"]
[Black "Tokhirjanova,H"]
[Result "1-0"]
[WhiteElo "2175"]
[BlackElo "2119"]
[EventDate "2011.08.02"]

1. e4 c5 2. Nf3 d6 3. d4 cxd4 4. Qxd4 Nf6 5. Bb5+ Bd7 6. Bxd7+ Nbxd7 7. O-O
g6 8. Nc3 Bg7 9. Be3 O-O 10. Qd3 Qa5 11. Bd4 Rfc8 12. Nd2 Ne5 13. Bxe5 Qxe5
14. Nc4 Qh5 15. Ne3 Rc5 16. h3 Nd7 17. Ncd5 Re8 18. c3 e6 19. Nb4 Rg5 20.
Nc4 d5 21. f4 Rd8 22. fxg5 dxc4 23. Qf3 Qxg5 24. Qxf7+ Kh8 25. Rad1 Nc5 26.
Rxd8+ Qxd8 27. Nc2 a6 28. Nd4 Nxe4 29. Qxg7+ 1-0

[Event "29th World Junior Girls"]
[Site "Chennai IND"]
[Date "2011.08.07"]
[Round "6"]
[White "Nakhbayeva,G"]
[Black "Paikidze,N"]
[Result "1/2-1/2"]
[WhiteElo "2222"]
[BlackElo "2416"]
[EventDate "2011.08.02"]

1. d4 d5 2. c4 e6 3. Nf3 Nf6 4. e3 Be7 5. Bd3 dxc4 6. Bxc4 c5 7. O-O cxd4
8. exd4 Nc6 9. Nc3 Nb4 10. Bg5 O-O 11. Re1 a6 12. a3 Nbd5 13. Ne5 Nxc3 14.
bxc3 Nd5 15. Bxe7 Nxe7 16. a4 Qc7 17. Qb3 Nc6 18. Nxc6 bxc6 19. a5 c5 20.
dxc5 Qxc5 21. Red1 Bb7 22. h3 Rab8 23. Rab1 g6 24. Qa2 Qc6 25. f3 Rfd8 26.
Rdc1 Qc5+ 27. Kh1 Qg5 28. Rd1 Qe5 29. Qa3 Rbc8 1/2-1/2

[Event "29th World Junior Girls"]
[Site "Chennai IND"]
[Date "2011.08.07"]
[Round "6"]
[White "Eric,J"]
[Black "Kulon,K"]
[Result "0-1"]
[WhiteElo "2282"]
[BlackElo "2227"]
[EventDate "2011.08.02"]

1. e4 c5 2. Nf3 Nc6 3. Nc3 d6 4. d4 cxd4 5. Nxd4 e5 6. Nxc6 bxc6 7. Bc4 Nf6
8. O-O Be7 9. Kh1 O-O 10. f4 Qb6 11. Qf3 Bg4 12. Qg3 Be6 13. Bxe6 fxe6 14.
Qh3 Kh8 15. Qxe6 Rae8 16. Qh3 exf4 17. Bxf4 Qxb2 18. Rab1 Qxc2 19. Qe3 Rb8
20. Rbc1 Qb2 21. Qxa7 Qb7 22. Qe3 Qa6 23. Rfd1 Rb2 24. h3 Ne8 25. Qg3 h6
26. Re1 Qa5 27. Rb1 Rc2 28. Rec1 Rxc1+ 29. Rxc1 Kh7 30. e5 d5 31. Qd3+ Kh8
32. Bd2 Qa3 33. Re1 Nc7 34. Bc1 Qb4 35. Bd2 Qh4 36. Nd1 Ne6 37. Qe2 Nc5 38.
Be3 Ne4 39. Kg1 Qg3 40. Bd4 Bg5 41. Be3 Qxe5 0-1

[Event "29th World Junior Girls"]
[Site "Chennai IND"]
[Date "2011.08.07"]
[Round "6"]
[White "Vo Thi Kim Phung"]
[Black "Lkhamsuren,U"]
[Result "1-0"]
[WhiteElo "2141"]
[BlackElo "2163"]
[EventDate "2011.08.02"]

1. d4 e6 2. Nf3 Nf6 3. Bf4 d5 4. e3 Be7 5. h3 Nbd7 6. Bd3 c5 7. c3 Qb6 8.
Qc1 O-O 9. O-O Bd6 10. Ne5 Qc7 11. Nxd7 Bxd7 12. Bxd6 Qxd6 13. f4 a6 14.
Nd2 Bb5 15. Bxb5 axb5 16. Qe1 Rfd8 17. dxc5 Qxc5 18. a3 Ra4 19. Nb3 Qb6 20.
Nd4 Ne4 21. Qh4 f6 22. Rae1 Re8 23. Qh5 g6 24. Qg4 Kf7 25. Qd1 Rc4 26. Nc2
Nd6 27. Nd4 Kg7 28. Qg4 h5 29. Qd1 Ne4 30. Kh2 Rd8 31. Rf3 e5 32. fxe5 fxe5
33. Nc2 Ng5 34. Rf2 Ne4 35. Rf3 h4 36. Ref1 Rc7 37. Qe1 Ng3 38. R1f2 Nf5
39. e4 Qd6 40. Ne3 Nxe3 41. Qxe3 dxe4 42. Qxe4 Qd5 43. Qxh4 Re8 44. Qg5 Rd7
45. Rf6 Qe4 46. R2f5 1-0

[Event "29th World Junior Girls"]
[Site "Chennai IND"]
[Date "2011.08.07"]
[Round "6"]
[White "Mahalakshmi,M"]
[Black "Agrest,I"]
[Result "0-1"]
[WhiteElo "1901"]
[BlackElo "2220"]
[EventDate "2011.08.02"]

1. d4 Nf6 2. c4 g6 3. Nc3 Bg7 4. e4 d6 5. Nf3 O-O 6. Be2 Nbd7 7. O-O e5 8.
Be3 Re8 9. d5 Nh5 10. g3 Bf8 11. Ne1 Ng7 12. Nd3 Be7 13. Qd2 f5 14. f3 Nf6
15. c5 Rf8 16. Kg2 h5 17. b4 h4 18. b5 Ngh5 19. exf5 gxf5 20. Bh6 Rf7 21.
g4 Ng7 22. g5 Nfh5 23. Kh1 f4 24. Ne4 Nf5 25. Rg1 Rh7 26. cxd6 cxd6 27.
Ndf2 Ne3 28. Bd3 Kh8 29. Ng4 Bf8 30. Bxf8 Qxf8 31. Nef6 Bxg4 32. fxg4 Nxf6
33. gxf6 Qxf6 34. Bxh7 Kxh7 35. Qf2 Kg7 36. Rac1 Qf7 37. Qf3 Re8 38. g5 Re7
39. Rce1 Rc7 40. g6 Qg8 41. Rg5 Rc5 42. Kg1 Nxd5 43. Rg4 Qd8 44. Qh3 Qb6
45. Kh1 Qa5 46. Reg1 Qa4 47. R4g2 Rc7 48. Qe6 Qe4 49. Qxd6 h3 0-1

[Event "29th World Junior Girls"]
[Site "Chennai IND"]
[Date "2011.08.07"]
[Round "6"]
[White "Nandhidhaa,P"]
[Black "Divyasri,C"]
[Result "1/2-1/2"]
[WhiteElo "2101"]
[BlackElo "2123"]
[EventDate "2011.08.02"]

1. e4 e5 2. Nf3 Nc6 3. Nc3 Nf6 4. Bb5 Bd6 5. d3 h6 6. O-O O-O 7. a3 Re8 8.
h3 Bf8 9. Bc4 d6 10. Re1 Be6 11. Bxe6 Rxe6 12. d4 exd4 13. Nxd4 Nxd4 14.
Qxd4 g6 15. Bf4 Bg7 16. Qd2 Kh7 17. Rad1 Nh5 18. Bh2 Qe8 19. Nd5 Qc6 20. c4
Rae8 21. f3 Nf6 22. b4 Nxd5 23. cxd5 Qb6+ 24. Kh1 R6e7 25. a4 Qa6 26. Qc2
f5 27. Bg1 fxe4 28. fxe4 b6 29. Bd4 Qc8 30. Bxg7 Kxg7 31. Rd4 Rf8 32. Rc4
Rff7 33. Qc3+ Kh7 34. Rc6 Qf8 35. Qd3 Qg7 36. Rec1 Qe5 37. R6c4 Qg5 38. Qc2
Qe3 39. Qc3 Qg5 40. Qd4 Qg3 41. R4c3 Qh4 42. Rc4 Qg3 43. Qc3 Qg5 44. Qd4
Qh4 45. Qd3 Qf2 46. R4c2 Qh4 47. Rc4 Qf2 48. R4c2 Qh4 49. Rc4 Qf2 50. a5 b5
51. R4c2 Qh4 52. a6 Qxe4 53. Qxe4 Rxe4 54. Rxc7 Kg7 55. Rb7 Rxb4 56. Rc6
Rb1+ 57. Kh2 b4 58. Rxd6 b3 59. Rdd7 Rxd7 60. Rxd7+ Kf6 61. Rxa7 Ra1 62.
Rb7 Rxa6 63. Rxb3 Ke5 64. Rb5 Rd6 65. Kg3 Rxd5 66. Rxd5+ Kxd5 67. Kf4 Kd4
68. g4 Kd5 69. h4 h5 70. gxh5 gxh5 71. Kg5 Ke6 72. Kxh5 Kf7 73. Kh6 Kg8 74.
h5 Kh8 75. Kg6 Kg8 76. h6 Kh8 77. h7 1/2-1/2

[Event "29th World Junior Girls"]
[Site "Chennai IND"]
[Date "2011.08.07"]
[Round "6"]
[White "Shweta,G"]
[Black "Tsatsalashvili,K"]
[Result "0-1"]
[WhiteElo "1922"]
[BlackElo "2318"]
[EventDate "2011.08.02"]

1. d4 Nf6 2. Nf3 e6 3. e3 b6 4. Bd3 Bb7 5. O-O c5 6. b3 Be7 7. Bb2 cxd4 8.
exd4 O-O 9. Nbd2 d6 10. Re1 Nbd7 11. Rc1 Nd5 12. Bf1 Rc8 13. c4 Nf4 14. g3
Ng6 15. Bd3 d5 16. Qe2 Bb4 17. Red1 Re8 18. h4 Ngf8 19. Nf1 Qe7 20. Ne3
dxc4 21. Rxc4 Rxc4 22. Nxc4 Nf6 23. Ng5 Nd5 24. Be4 f6 25. Nh3 b5 26. Nd2
Qd7 27. Kh2 Rc8 28. Nb1 a6 29. Qd3 Bd6 30. a3 Qe7 31. Re1 Qd7 32. Bg2 a5
33. Nd2 a4 34. bxa4 bxa4 35. Ne4 Be7 36. Nd2 Bd8 37. Rc1 Rxc1 38. Bxc1 Ng6
39. Ng1 Qc6 40. Qc4 Bc7 41. Qxc6 Bxc6 42. Kh1 Nge7 43. Bb2 Nf5 44. Ne2 Nd6
45. Bc3 Kf7 46. Kg1 g6 47. Bxd5 Bxd5 48. Bb4 Bc6 49. Nc3 Nf5 50. Bc5 Ba5
51. Ncb1 Bd5 52. Nf1 h6 53. Kh2 h5 54. Kg1 Ke8 55. Nfd2 Kd7 56. Kf1 Kc6 57.
Ba7 g5 58. hxg5 fxg5 59. Ke2 Kb7 60. Bc5 h4 61. gxh4 gxh4 62. Nf3 Bxf3+ 63.
Kxf3 h3 64. Bf8 Bc7 65. Nc3 Nxd4+ 66. Kg4 h2 67. Nxa4 h1=Q 0-1

[Event "29th World Junior Girls"]
[Site "Chennai IND"]
[Date "2011.08.07"]
[Round "6"]
[White "Bhakti,K"]
[Black "Gevorgyan,M"]
[Result "1-0"]
[WhiteElo "2317"]
[BlackElo "2068"]
[EventDate "2011.08.02"]

1. d4 d5 2. c4 dxc4 3. Nf3 Nf6 4. e3 e6 5. Bxc4 c5 6. O-O a6 7. Bb3 Be7 8.
Nc3 cxd4 9. exd4 Nc6 10. a3 O-O 11. Bg5 Nd5 12. Bxe7 Ncxe7 13. Rc1 b5 14.
Ne4 Bb7 15. Nc5 Ra7 16. Nxb7 Rxb7 17. Qd2 Rd7 18. Rfd1 Qb6 19. Ne5 Rd6 20.
Bc2 Rfd8 21. Qd3 Nf6 22. Nf3 Nc6 23. Bb3 h6 24. Qe3 Nxd4 25. Nxd4 Rxd4 26.
Rxd4 Rxd4 27. Rc8+ Kh7 28. h3 Qd6 29. Ra8 Rh4 30. Bc2+ g6 31. Qc3 Kg7 32.
Qc8 Ne8 33. Qxe8 Kf6 34. Ra7 Rc4 35. Qxf7+ Ke5 36. Qg7+ Kd5 37. Rd7 Rxc2
38. Rxd6+ Kxd6 39. Qxg6 Rxb2 40. Qxh6 a5 41. Qf8+ 1-0

[Event "29th World Junior Girls"]
[Site "Chennai IND"]
[Date "2011.08.07"]
[Round "6"]
[White "Pratyusha,B"]
[Black "Olsarova,K"]
[Result "1-0"]
[WhiteElo "2064"]
[BlackElo "2282"]
[EventDate "2011.08.02"]

1. e4 e5 2. Bc4 Nf6 3. d3 Nc6 4. Nc3 Bb4 5. Nge2 d5 6. exd5 Nxd5 7. O-O Be6
8. Bxd5 Bxd5 9. f4 O-O 10. f5 f6 11. Ng3 Bf7 12. Nce4 Re8 13. Qg4 Bf8 14.
Be3 Nb4 15. Rf2 Kh8 16. Rd1 Bxa2 17. d4 Nd5 18. Bc1 Qe7 19. b3 Qb4 20. dxe5
Rxe5 21. Bd2 Qd4 22. Bc3 Ne3 23. Bxd4 Nxg4 24. Bxe5 Nxf2 25. Kxf2 fxe5 26.
Nc3 Bxb3 27. cxb3 a5 28. Rd7 Bc5+ 29. Kf3 Rc8 30. Nge4 Bg1 31. f6 g6 32.
Ng5 1-0

[Event "29th World Junior Girls"]
[Site "Chennai IND"]
[Date "2011.08.07"]
[Round "6"]
[White "Bharathi,R"]
[Black "Michelle Catherina,P"]
[Result "1/2-1/2"]
[WhiteElo "2117"]
[BlackElo "2052"]
[EventDate "2011.08.02"]

1. e4 e5 2. Nf3 Nc6 3. Bb5 a6 4. Ba4 Nf6 5. O-O Nxe4 6. d4 b5 7. Bb3 d5 8.
dxe5 Be6 9. Nbd2 Nc5 10. c3 Be7 11. Bc2 Bg4 12. Re1 O-O 13. Nb3 Ne6 14. Qd3
g6 15. Bh6 Re8 16. Qe3 a5 17. a4 bxa4 18. Nbd4 Ncxd4 19. Nxd4 a3 20. Nc6
Bc5 21. Qg3 Qd7 22. bxa3 Qxc6 23. Qxg4 a4 24. Qf3 Bf8 25. Bxf8 Rxf8 26.
Red1 Rfd8 27. Rab1 Qc5 28. Rb4 d4 29. Bxa4 dxc3 30. Rc1 Qxe5 31. Re4 Ng5
32. Rxe5 Rxa4 33. Rxc3 Rda8 34. Ree3 Nxf3+ 35. gxf3 Kg7 36. Kg2 c6 37. Kg3
R8a5 38. f4 Ra7 39. Rf3 R7a5 40. h3 Kf8 41. h4 Kg7 42. Kg4 h5+ 43. Kg3 Kh7
44. Rfe3 Kg7 45. f3 Rf5 46. Re4 Rfa5 47. Re5 Rxa3 48. Rxc6 Ra6 49. Rcc5 Rb3
50. Re1 Raa3 51. Rf1 Rc3 52. Re5 Re3 53. Rxe3 Rxe3 54. f5 Kf6 55. fxg6 fxg6
56. Rb1 Ra3 57. Rb4 Kf5 58. Rf4+ Ke5 59. Rf8 Rb3 60. Re8+ Kf5 61. Rf8+ Ke5
62. Re8+ Kf5 63. Rf8+ 1/2-1/2

[Event "29th World Junior Girls"]
[Site "Chennai IND"]
[Date "2011.08.07"]
[Round "6"]
[White "Deur,Z"]
[Black "Ivana Maria,F"]
[Result "1/2-1/2"]
[WhiteElo "2116"]
[BlackElo "2012"]
[EventDate "2011.08.02"]

1. e4 e6 2. d4 d5 3. Nc3 Nf6 4. e5 Nfd7 5. f4 c5 6. Nf3 Nc6 7. Be3 cxd4 8.
Nxd4 Bc5 9. Qd2 O-O 10. O-O-O Bxd4 11. Bxd4 Qa5 12. Bf2 Rb8 13. Kb1 b5 14.
Ne2 b4 15. Nd4 Nxd4 16. Bxd4 Ba6 17. Bxa6 Qxa6 18. Qd3 Qxd3 19. Rxd3 a5 20.
g4 Rfc8 21. Rc1 Nc5 22. Bxc5 Rxc5 23. Rcd1 Rbc8 24. R1d2 Rc4 25. Rd4 Kf8
26. b3 Rc3 27. R4d3 Ke7 28. Kc1 f6 29. Kd1 fxe5 30. fxe5 Rxd3 31. Rxd3 Rf8
32. Ke2 Rf4 33. h3 d4 34. Rf3 Re4+ 35. Kd3 Rxe5 36. Kxd4 Rd5+ 37. Kc4 Rd2
1/2-1/2

[Event "29th World Junior Girls"]
[Site "Chennai IND"]
[Date "2011.08.07"]
[Round "6"]
[White "Fataliyeva,U"]
[Black "Akshaya,A"]
[Result "1-0"]
[WhiteElo "2107"]
[BlackElo "1966"]
[EventDate "2011.08.02"]

1. e4 e5 2. Nf3 Nc6 3. Nc3 Nf6 4. d4 exd4 5. Nxd4 Bb4 6. Nxc6 bxc6 7. Bd3
d5 8. exd5 cxd5 9. O-O O-O 10. Bg5 c6 11. Qf3 Bd6 12. Bxf6 Qxf6 13. Qxf6
gxf6 14. Ne2 Rb8 15. Rab1 Rb6 16. f4 Ba6 17. Rf3 Rfb8 18. b3 Bxd3 19. cxd3
a5 20. d4 a4 21. Ng3 h6 22. Nf5 Bf8 23. Rc3 Kh7 24. Rbc1 axb3 25. axb3 Rxb3
26. Rxc6 Kg6 27. Nh4+ Kh5 28. Nf3 Ba3 29. Rf1 R3b6 30. Rc3 Bb4 31. Rc7 Kg6
32. Nh4+ Kg7 33. Nf5+ Kg6 34. Ne3 Rd6 35. Rf3 f5 36. Rg3+ Kf6 37. Rh3 Kg6
38. g4 fxg4 39. Nxg4 Kf5 40. Nxh6+ Kxf4 41. Rxf7+ Ke4 42. Re7+ Kf4 43. Rg7
Rxh6 44. Rxh6 Bf8 45. Rf6+ Ke3 46. Rg8 Rb1+ 47. Rf1 Rxf1+ 48. Kxf1 Bb4 49.
h4 Bc3 50. Rg3+ Kxd4 51. Rxc3 Kxc3 52. h5 1-0

[Event "29th World Junior Girls"]
[Site "Chennai IND"]
[Date "2011.08.07"]
[Round "6"]
[White "Krumova,A"]
[Black "Forestier,C"]
[Result "1-0"]
[WhiteElo "1961"]
[BlackElo "2101"]
[EventDate "2011.08.02"]

1. e4 c5 2. Nc3 e6 3. f4 a6 4. Nf3 Nc6 5. d3 d5 6. g3 d4 7. Ne2 Nf6 8. Bg2
Be7 9. O-O O-O 10. h3 b5 11. Bd2 Qb6 12. g4 c4 13. Kh1 Bb7 14. Qe1 a5 15.
Qg3 b4 16. f5 exf5 17. gxf5 Kh8 18. e5 Nd7 19. dxc4 Qc5 20. Rg1 Rg8 21. Bf4
Qxc4 22. Rae1 Nc5 23. b3 Qxc2 24. Nfxd4 Nxd4 25. Nxd4 Qd3 26. Bxb7 Qxg3 27.
Rxg3 Nxb7 28. f6 gxf6 29. Nf5 Rxg3 30. Bxg3 Bd8 31. Nd6 Nxd6 32. exd6 Bb6
33. Re7 Kg7 34. Rb7 Bd8 35. Kg2 Kf8 36. Kf3 Rc8 37. Ke4 Rc3 38. Bf2 Ke8 39.
Kd5 f5 40. Bc5 Rxc5+ 41. Kxc5 f4 42. Kc6 f3 43. Rb5 f2 44. d7+ Kf8 45. Rf5
1-0

[Event "29th World Junior Girls"]
[Site "Chennai IND"]
[Date "2011.08.07"]
[Round "6"]
[White "Bala Kannamma,P"]
[Black "Imeeva,A"]
[Result "0-1"]
[WhiteElo "1931"]
[BlackElo "2094"]
[EventDate "2011.08.02"]

1. e4 e5 2. Nf3 Nc6 3. Bb5 a6 4. Ba4 Nf6 5. O-O Be7 6. Re1 b5 7. Bb3 d6 8.
h3 Na5 9. c3 Nxb3 10. Qxb3 Bb7 11. d3 O-O 12. Nbd2 c5 13. Qc2 Nh5 14. Nf1
f5 15. N1h2 fxe4 16. dxe4 Nf4 17. Bxf4 Rxf4 18. g3 Rf8 19. a4 Qc8 20. Kg2
bxa4 21. Qxa4 Bc6 22. Qc2 Bd7 23. Ng1 c4 24. Nf1 Bd8 25. Re2 Bb6 26. Rd1
Bc5 27. Ne3 Be6 28. Nd5 Ra7 29. Ne3 Raf7 30. Rf1 Qb7 31. f3 Qa7 32. Qd2 a5
33. h4 a4 34. g4 Qe7 35. Kg3 Rf4 36. Nd5 Bxd5 37. Qxd5+ Kh8 38. Nh3 R4f6
39. Qxc4 Qd7 40. Rd2 Ba7 41. Rd5 h5 42. gxh5 Qe8 43. Ng5 Qxh5 44. Rd3 Rf4
45. Rh1 Rxh4 46. Rxh4 Bf2+ 47. Kxf2 Qxh4+ 48. Ke2 Qxg5 49. Qxa4 Qg2+ 50.
Kd1 Qxb2 51. Qc2 Qa1+ 52. Qc1 Qa6 53. Kd2 Rb8 54. Rd5 Qa2+ 55. Kd3 Rb1 56.
Qd2 Qa1 57. Qh2+ Kg8 58. Qh4 Qa6+ 59. Ke3 Qb6+ 60. Kd3 Rb2 61. Qe1 Qb3 62.
Ra5 Rb1 63. Ra8+ Kf7 64. Ra7+ Ke6 65. Re7+ Kxe7 66. Qh4+ Kd7 67. Qg4+ Kc7
68. Qxg7+ Kc6 69. Qf8 Rd1+ 70. Ke3 Qxc3+ 71. Kf2 Qe1+ 72. Kg2 Rd2+ 73. Kh3
Qh1+ 74. Kg4 Rg2+ 75. Kf5 Qh5+ 0-1

[Event "29th World Junior Girls"]
[Site "Chennai IND"]
[Date "2011.08.07"]
[Round "6"]
[White "Pon,N"]
[Black "Lasya,G"]
[Result "1-0"]
[WhiteElo "2075"]
[BlackElo "1898"]
[EventDate "2011.08.02"]

1. e4 c5 2. Nf3 d6 3. d4 Nf6 4. Nc3 cxd4 5. Nxd4 Nc6 6. Bg5 e6 7. Qd2 a6 8.
O-O-O Bd7 9. f4 b5 10. Bxf6 gxf6 11. Nxc6 Bxc6 12. Qe3 Qe7 13. Bd3 Qa7 14.
Qe1 h5 15. Rf1 Be7 16. f5 b4 17. Nb1 e5 18. Nd2 Rc8 19. Qe2 a5 20. Rf3 a4
21. Kb1 a3 22. Bb5 axb2 23. Rb3 Qc5 24. Bxc6+ Qxc6 25. Rxb2 d5 26. exd5
Qxd5 27. Rb3 Rg8 28. g3 Rg4 29. Rd3 Qc6 30. Nb3 Rc4 31. R1d2 Qh1+ 32. Kb2
Rc3 33. Qxh5 Rxd3 34. Rxd3 e4 35. Rd1 Qg2 36. Rd2 Qf1 37. Qh8+ Bf8 38. Qxf6
Qc4 39. Kb1 Be7 40. Qh8+ Bf8 41. Qe5+ Be7 42. Qh8+ Bf8 43. Qd4 Qf1+ 44. Rd1
Qxf5 45. Re1 Be7 46. Rxe4 Rd8 47. Qh8+ Kd7 48. Rd4+ Kc7 49. Rxd8 Bxd8 50.
Qd4 Be7 51. Qc4+ Kd7 52. Qd3+ Qxd3 53. cxd3 Bd6 54. Kc2 Ke6 55. Nd4+ Ke5
56. Nb5 Bf8 57. Kb3 f5 58. Kc4 f4 59. d4+ Ke4 60. gxf4 Kxf4 61. d5 Ke5 62.
d6 Ke6 63. Kxb4 1-0

[Event "29th World Junior Girls"]
[Site "Chennai IND"]
[Date "2011.08.07"]
[Round "6"]
[White "Frayna,Janelle Mae"]
[Black "Romero Echeverria,A"]
[Result "0-1"]
[WhiteElo "1875"]
[BlackElo "2071"]
[EventDate "2011.08.02"]

1. c4 c5 2. g3 Nc6 3. Bg2 g6 4. Nc3 Bg7 5. Nf3 e6 6. O-O Nge7 7. d4 cxd4 8.
Nb5 d5 9. cxd5 Nxd5 10. Nfxd4 Nxd4 11. Nxd4 O-O 12. e4 Nb6 13. Nb5 Bd7 14.
Qb3 a6 15. Nd6 Bc6 16. Nxb7 Bxb7 17. Be3 Bd4 18. Bxd4 Qxd4 19. Rfd1 Qc5 20.
Rac1 Qb5 21. Rd6 Nc8 22. Rd7 Rb8 23. Rcc7 Ba8 24. Ra7 Nxa7 0-1

[Event "29th World Junior Girls"]
[Site "Chennai IND"]
[Date "2011.08.07"]
[Round "6"]
[White "Narenthran,Savithri"]
[Black "Hoang Thi Nhu Y"]
[Result "0-1"]
[WhiteElo "1693"]
[BlackElo "2204"]
[EventDate "2011.08.02"]

1. e4 c6 2. d4 d5 3. e5 c5 4. dxc5 Nc6 5. Bb5 e6 6. Be3 Bd7 7. Bxc6 Bxc6 8.
Nf3 Ne7 9. c3 Nf5 10. Bd4 Nxd4 11. Qxd4 a5 12. O-O a4 13. Nbd2 Ra5 14. b4
axb3 15. axb3 Bxc5 16. Qg4 O-O 17. Rxa5 Qxa5 18. b4 Qa4 19. Nd4 Be7 20.
N2b3 Bd7 21. Ra1 b5 22. Rxa4 bxa4 23. Na1 Rc8 24. Qg3 Bxb4 25. Ne2 Ba3 26.
Qd3 Bb2 27. Qb1 a3 28. Kf1 Bb5 29. Nc2 Rxc3 30. Nxa3 Rc1+ 31. Qxc1 Bxe2+
32. Kxe2 Bxc1 33. Nc2 Bf4 34. h3 Bxe5 35. Kd3 Kf8 36. g3 Ke7 37. f4 Bb2 38.
Ne3 Kd6 39. Nd1 Ba1 40. Ne3 f6 41. Nc2 Bb2 42. Ne3 Bc1 43. Nd1 e5 44. f5
Kc5 45. Kc2 Bh6 46. Nc3 e4 0-1

[Event "29th World Junior Girls"]
[Site "Chennai IND"]
[Date "2011.08.07"]
[Round "6"]
[White "Hannes,D"]
[Black "Savetha,C"]
[Result "1-0"]
[WhiteElo "2188"]
[BlackElo "1992"]
[EventDate "2011.08.02"]

1. c4 Nf6 2. Nf3 e6 3. g3 d5 4. b3 b6 5. Bg2 Bb7 6. Bb2 Be7 7. O-O c5 8. e3
O-O 9. Nc3 Nc6 10. cxd5 exd5 11. d4 Rc8 12. Rc1 Ba6 13. Re1 c4 14. Ne5 b5
15. bxc4 bxc4 16. Qa4 Bb7 17. Qb5 Nxe5 18. dxe5 Bc6 19. Qa6 Ng4 20. Red1
Nxe5 21. Nxd5 Nd3 22. Qxc8 Bxd5 23. Qxd8 Rxd8 24. Bxd5 Nxb2 25. Rd2 Nd3 26.
Rxc4 Rxd5 27. Rc3 Nf4 28. Rc8+ Bf8 29. Rxd5 Nxd5 30. Ra8 g6 31. Rxa7 Kg7
32. Kf1 Kf6 33. a4 Ke6 34. Rb7 Bc5 35. a5 Nb4 36. Ke2 h5 37. h3 f6 38. Rg7
g5 39. Rh7 Nc6 40. a6 Kd6 41. Rh6 Ke6 42. h4 gxh4 43. Rxh5 Kd6 44. gxh4 Bb6
45. Rb5 Kc7 46. h5 Ne7 47. h6 Kc6 48. Rf5 1-0

[Event "29th World Junior Girls"]
[Site "Chennai IND"]
[Date "2011.08.07"]
[Round "6"]
[White "Sahari,J"]
[Black "Heredia Serrano,C"]
[Result "1-0"]
[WhiteElo "1911"]
[BlackElo "2072"]
[EventDate "2011.08.02"]

1. e4 c6 2. d4 d5 3. Nc3 dxe4 4. Nxe4 Bf5 5. Ng3 Bg6 6. h4 h6 7. h5 Bh7 8.
Nf3 Nd7 9. Bd3 Bxd3 10. Qxd3 e6 11. Bd2 Ngf6 12. O-O-O Be7 13. Qe2 O-O 14.
Nf1 Nb6 15. g4 Qd5 16. Kb1 Nxg4 17. Rg1 Nc4 18. Bc1 f5 19. b3 Nd6 20. Ne3
Nxe3 21. Bxe3 Ne4 22. Qe1 Kh7 23. Ne5 a5 24. f3 Ng5 25. Bxg5 Bxg5 26. f4
Bxf4 27. Ng6 Bd6 28. Nxf8+ Rxf8 29. Rg6 Re8 30. Qg1 Re7 31. Rxh6+ Kg8 32.
Rg6 Kf8 33. h6 Qf3 34. Rxg7 Rxg7 35. Qxg7+ Ke8 36. Rd3 Qf1+ 37. Kb2 Bf4 38.
Qxb7 Bxh6 39. Qxc6+ Kf7 40. Qd7+ Kf6 41. Qd8+ Kf7 42. Qc7+ Kf6 43. Qe5+ Kf7
44. a4 Bf4 45. Qc5 Qc1+ 46. Ka2 Bd6 47. Qc3 f4 48. Qd2 Qxd2 49. Rxd2 Kf6
50. c4 Bb4 51. Re2 Kf5 52. Re5+ Kf6 53. Kb2 Bd6 54. Re2 Kf5 55. Rc2 f3 1-0

[Event "29th World Junior Girls"]
[Site "Chennai IND"]
[Date "2011.08.07"]
[Round "6"]
[White "Arunima,K"]
[Black "Edes,Z"]
[Result "1-0"]
[WhiteElo "1867"]
[BlackElo "2067"]
[EventDate "2011.08.02"]

1. e4 c5 2. c3 d5 3. exd5 Qxd5 4. d4 g6 5. Nf3 Bg7 6. dxc5 Qxc5 7. Be3 Qc7
8. Be2 Nc6 9. Na3 a6 10. O-O Nh6 11. Nc4 Nf5 12. Bb6 Qf4 13. Qd2 Qxd2 14.
Nfxd2 O-O 15. Nb3 e6 16. Rad1 Nce7 17. g4 Nh6 18. Bc5 Nd5 19. Bxf8 Bxf8 20.
Bf3 Kg7 21. Bxd5 exd5 22. Nb6 Rb8 23. g5 Nf5 24. Nxc8 Rxc8 25. Rxd5 Be7 26.
Nd4 Nxd4 27. Rxd4 Bxg5 28. Rfd1 Rc5 29. Rd5 Rxd5 30. Rxd5 Bf6 31. Rd7 1-0

[Event "29th World Junior Girls"]
[Site "Chennai IND"]
[Date "2011.08.07"]
[Round "6"]
[White "Sathya,Pri"]
[Black "Guo,E"]
[Result "1-0"]
[WhiteElo "1842"]
[BlackElo "2029"]
[EventDate "2011.08.02"]

1. d4 Nf6 2. c4 e5 3. dxe5 Ng4 4. Bf4 Nc6 5. Nf3 Bb4+ 6. Nbd2 Qe7 7. a3
Ngxe5 8. Nxe5 Nxe5 9. e3 Bxd2+ 10. Qxd2 d6 11. Qc3 f6 12. Be2 O-O 13. O-O
b6 14. b4 Bb7 15. c5 dxc5 16. bxc5 Kh8 17. Rac1 Qe6 18. Rfd1 Rac8 19. Bxe5
fxe5 20. c6 Ba8 21. Rd7 Rf6 22. Ba6 Rcf8 23. Rxc7 Qg4 24. Qc2 Rg6 25. g3
Rh6 26. Bf1 Qh5 27. h3 Rhf6 28. Bg2 e4 29. Qb3 Qd5 30. Rd7 Qe6 31. Rxa7
Bxc6 32. Qxb6 Rxf2 33. Qxc6 Rxg2+ 34. Kxg2 Qf5 35. Qc2 Qf3+ 36. Kh2 Qxe3
37. Rf7 Rd8 38. Rf2 Qxa3 39. Rcf1 e3 40. Re2 Qa5 41. Qf5 1-0

[Event "29th World Junior Girls"]
[Site "Chennai IND"]
[Date "2011.08.07"]
[Round "6"]
[White "Martinez,Ay"]
[Black "Tejaswini,S"]
[Result "1-0"]
[WhiteElo "2011"]
[BlackElo "1690"]
[EventDate "2011.08.02"]

1. e4 e5 2. Nf3 Nc6 3. Bb5 Bc5 4. c3 Nf6 5. d4 Bb6 6. O-O O-O 7. Bg5 d6 8.
Qd3 h6 9. Bh4 Bd7 10. Na3 Re8 11. dxe5 Nxe5 12. Nxe5 Bxb5 13. Nxb5 Rxe5 14.
a4 a6 15. Nd4 Bxd4 16. cxd4 Re6 17. f4 Qd7 18. f5 Ree8 19. Bxf6 gxf6 20.
Rf4 Qe7 21. Rh4 Kh7 22. Qd2 Qf8 23. Ra3 Qg7 24. Rxh6+ Kg8 25. Rg3 Rxe4 26.
Rxg7+ Kxg7 27. Rh3 Kf8 28. Rh8+ Ke7 29. Rxa8 Rg4 1-0

[Event "29th World Junior Girls"]
[Site "Chennai IND"]
[Date "2011.08.07"]
[Round "6"]
[White "Nivedhitha,J"]
[Black "Sithalatchumi,A"]
[Result "0-1"]
[WhiteElo "1743"]
[BlackElo "1939"]
[EventDate "2011.08.02"]

1. e4 e6 2. d4 d5 3. exd5 exd5 4. Bd3 Bd6 5. Nf3 Nc6 6. O-O Bg4 7. c3 Nge7
8. h3 Bh5 9. Re1 Qd7 10. Nbd2 O-O-O 11. b4 Rde8 12. b5 Nd8 13. Ne5 Bxd1 14.
Nxd7 Kxd7 15. Rxd1 Ne6 16. g3 h5 17. Nf3 h4 18. Nxh4 g5 19. Nf3 f6 20. Kg2
Reg8 21. Rh1 Rg7 22. c4 dxc4 23. Bxc4 Rgh7 24. Bb2 Bb4 25. d5 Nc5 26. Bxf6
Rf8 27. Bxg5 Nf5 28. Ne5+ Kc8 29. Nd3 Ne4 30. Nxb4 Nfd6 31. f3 Nxg5 32. f4
Nxc4 33. fxg5 Ne3+ 34. Kg1 Rf3 35. Re1 Rhf7 36. h4 Rxg3+ 37. Kh2 Rg2+ 38.
Kh3 Rf3+ 0-1

[Event "29th World Junior Girls"]
[Site "Chennai IND"]
[Date "2011.08.07"]
[Round "6"]
[White "Anjana Krishna,S"]
[Black "Shristi,J"]
[Result "1/2-1/2"]
[WhiteElo "1830"]
[BlackElo "1927"]
[EventDate "2011.08.02"]

1. e4 c5 2. c3 d5 3. exd5 Qxd5 4. d4 Nf6 5. Nf3 Bg4 6. Be2 e6 7. h3 Bh5 8.
O-O Nc6 9. Na3 cxd4 10. Nb5 Rc8 11. Nbxd4 Nxd4 12. Nxd4 Bxe2 13. Qxe2 Be7
14. Bf4 O-O 15. Rfd1 a6 16. Be5 Qe4 17. Bxf6 Qxe2 18. Nxe2 Bxf6 19. Rd7 b5
20. Rad1 Rfd8 21. Rxd8+ Rxd8 22. Rxd8+ Bxd8 23. Kf1 Kf8 24. Ng3 Ke7 25. Ke2
Bb6 26. f3 f5 27. Kd3 Kd6 28. b3 g6 29. Ne2 Kc5 30. c4 e5 31. Nc3 b4
1/2-1/2

[Event "29th World Junior Girls"]
[Site "Chennai IND"]
[Date "2011.08.07"]
[Round "6"]
[White "Supriya,J"]
[Black "Degrande,M"]
[Result "0-1"]
[WhiteElo "1829"]
[BlackElo "1890"]
[EventDate "2011.08.02"]

1. e4 d6 2. d4 Nf6 3. Nc3 g6 4. Nf3 Bg7 5. h3 c6 6. Be3 O-O 7. Bd3 Nbd7 8.
O-O e5 9. Qd2 b5 10. Ne2 a6 11. c3 Qe7 12. Ng3 Rb8 13. Rfe1 Nb6 14. dxe5
Ne8 15. exd6 Nxd6 16. Bc5 Nd7 17. Be3 Nb7 18. Nd4 Ne5 19. f4 Nxd3 20. Qxd3
Bd7 21. Rad1 c5 22. Nf3 Bc6 23. Qc2 Rbd8 24. Bc1 Qc7 25. Qf2 Qa5 26. Be3
Rxd1 27. Rxd1 Qxa2 28. Bxc5 Re8 29. Re1 Bd7 30. Bd4 Bxd4 31. cxd4 Nd6 32.
Ne5 Bc8 33. d5 Qa4 34. Qc5 Nc4 35. Nxc4 bxc4 36. Rc1 Qb3 37. Qxc4 Qxg3 38.
Qc6 Rf8 39. d6 Qxf4 40. Rc3 Qe5 41. Kh1 Qd4 42. e5 Be6 43. Qxa6 Qxe5 0-1

[Event "29th World Junior Girls"]
[Site "Chennai IND"]
[Date "2011.08.07"]
[Round "6"]
[White "Salini,R"]
[Black "Shetye,Si"]
[Result "1/2-1/2"]
[WhiteElo "1795"]
[BlackElo "1890"]
[EventDate "2011.08.02"]

1. g3 d5 2. Bg2 Nf6 3. e3 c5 4. Ne2 Nc6 5. d4 Bg4 6. c3 e6 7. O-O Be7 8.
Nd2 cxd4 9. exd4 O-O 10. Nf3 h6 11. Nf4 Bd6 12. Nd3 Qc7 13. Re1 Ne4 14. Qa4
Bf5 15. Qd1 Rac8 16. Qe2 Bg4 17. Bf4 Bxf4 18. Nxf4 Rfe8 19. h3 Bf5 20. Nd2
Nxd2 21. Qxd2 Na5 22. Rac1 Nc4 23. Qe2 Nd6 24. Nd3 Ne4 25. g4 Bh7 26. Qe3
Nd6 27. Ne5 Nc4 28. Nxc4 Qxc4 29. b3 Qd3 30. Qxd3 Bxd3 1/2-1/2